<?xml version="1.0" encoding="UTF-8"?>
<record
    xmlns:xsi="http://www.w3.org/2001/XMLSchema-instance"
    xsi:schemaLocation="http://www.loc.gov/MARC21/slim http://www.loc.gov/standards/marcxml/schema/MARC21slim.xsd"
    xmlns="http://www.loc.gov/MARC21/slim">

  <leader>01293nam a2200277   4500</leader>
  <controlfield tag="001">114361</controlfield>
  <controlfield tag="003">DR-UNIBE</controlfield>
  <controlfield tag="005">20260130140517.0</controlfield>
  <controlfield tag="008">260130b2007    dr ||||| |||| 00| 0 spa d</controlfield>
  <datafield tag="020" ind1=" " ind2=" ">
    <subfield code="a">9789945140224</subfield>
  </datafield>
  <datafield tag="040" ind1=" " ind2=" ">
    <subfield code="a">BIBLIOTECA UNIBE</subfield>
    <subfield code="b">spa</subfield>
    <subfield code="c">BIBLIOTECA UNIBE</subfield>
    <subfield code="e">rda</subfield>
  </datafield>
  <datafield tag="041" ind1=" " ind2=" ">
    <subfield code="a">spa</subfield>
  </datafield>
  <datafield tag="082" ind1=" " ind2=" ">
    <subfield code="a">RD 864.5 C744</subfield>
  </datafield>
  <datafield tag="245" ind1="1" ind2="0">
    <subfield code="a">Concursos centenario Joaqu&#xED;n Balaguer (1906-2006)</subfield>
  </datafield>
  <datafield tag="250" ind1=" " ind2=" ">
    <subfield code="a">Primera edici&#xF3;n</subfield>
  </datafield>
  <datafield tag="260" ind1=" " ind2=" ">
    <subfield code="a">Santo Domingo :</subfield>
    <subfield code="b"> Fundaci&#xF3;n Joaqu&#xED;n Balaguer,</subfield>
    <subfield code="c"> 2007</subfield>
  </datafield>
  <datafield tag="300" ind1=" " ind2=" ">
    <subfield code="a">343 p&#xE1;ginas :</subfield>
    <subfield code="c">22 x 15 cm</subfield>
  </datafield>
  <datafield tag="505" ind1=" " ind2=" ">
    <subfield code="a">Presentaci&#xF3;n |
Los ensayos de Balaguer |
La poes&#xED;a de Joaqu&#xED;n Balaguer |
Obra hist&#xF3;rica de Joaqu&#xED;n Balaguer |
El pensamiento pol&#xED;tico y la obra de Joaqu&#xED;n Balaguer |
Joaqu&#xED;n Balaguer: obra y pensamiento |
Biograf&#xED;as de los galardonados |
&#xCD;ndice onom&#xE1;stico

</subfield>
  </datafield>
  <datafield tag="650" ind1=" " ind2="7">
    <subfield code="2">lemb</subfield>
    <subfield code="a"> Ensayos dominicanos   </subfield>
    <subfield code="x">Concursos</subfield>
    <subfield code="9">201977</subfield>
  </datafield>
  <datafield tag="650" ind1=" " ind2="7">
    <subfield code="2">lemb</subfield>
    <subfield code="a">Cert&#xE1;menes literarios dominicanos</subfield>
    <subfield code="x">Concursos</subfield>
    <subfield code="9">201978</subfield>
  </datafield>
  <datafield tag="700" ind1="1" ind2="0">
    <subfield code="a">Dom&#xED;nguez Novas, Juan Francisco </subfield>
    <subfield code="9">127336</subfield>
    <subfield code="e">composici&#xF3;n</subfield>
  </datafield>
  <datafield tag="700" ind1="1" ind2="0">
    <subfield code="a">Blanco D&#xED;az, Andr&#xE9;s,</subfield>
    <subfield code="d">1954-</subfield>
    <subfield code="9">144547</subfield>
    <subfield code="e">corrector</subfield>
  </datafield>
  <datafield tag="700" ind1="1" ind2="0">
    <subfield code="a">Fajardo Tejada, Pura</subfield>
    <subfield code="9">201970</subfield>
    <subfield code="e">dise&#xF1;ador</subfield>
    <subfield code="e">programados</subfield>
    <subfield code="e">arte final</subfield>
  </datafield>
  <datafield tag="700" ind1="1" ind2="0">
    <subfield code="a">D&#xED;az Carrero, Rub&#xE9;n,</subfield>
    <subfield code="d">1971-2009</subfield>
    <subfield code="9">144910</subfield>
    <subfield code="e">dise&#xF1;ador de portada</subfield>
  </datafield>
  <datafield tag="942" ind1=" " ind2=" ">
    <subfield code="2">ddc</subfield>
    <subfield code="c">BK</subfield>
  </datafield>
  <datafield tag="999" ind1=" " ind2=" ">
    <subfield code="c">114361</subfield>
    <subfield code="d">114361</subfield>
  </datafield>
  <datafield tag="952" ind1=" " ind2=" ">
    <subfield code="0">0</subfield>
    <subfield code="1">0</subfield>
    <subfield code="2">ddc</subfield>
    <subfield code="7">0</subfield>
    <subfield code="8">FOL-RD</subfield>
    <subfield code="a">Principal</subfield>
    <subfield code="d">2025-11-12</subfield>
    <subfield code="l">0</subfield>
    <subfield code="o">RD 864.5 C744</subfield>
    <subfield code="p">260045</subfield>
    <subfield code="r">2026-01-30 13:23:47</subfield>
    <subfield code="t">Ej. 1</subfield>
    <subfield code="w">2026-01-30</subfield>
    <subfield code="y">BK</subfield>
  </datafield>
</record>
